Normal view
MARC view
Entry Personal Name
001 - CONTROL NUMBER
- control field: 60288
003 - CONTROL NUMBER IDENTIFIER
- control field: dpl
005 - DATE AND TIME OF LATEST TRANSACTION
- control field: 20231227121130.0
008 - FIXED-LENGTH DATA ELEMENTS
- fixed length control field: 231227|| aca||aabn | a|a d
040 ## - CATALOGING SOURCE
- Original cataloging agency: dpl
- Transcribing agency: dpl
100 ## - HEADING--PERSONAL NAME
- Personal name: Krishnan, J.Santhnana
670 ## - SOURCE DATA FOUND
- Source citation: Work cat.: (dpl)199833: Krishnan, J.Santhnana, INTRODUCTION TO DATA SCIENCE:, 2022
